000 00458nam a2200145Ia 4500
008 100204s9999 xx 000 0 und d
082 _b8699
100 _aमांडरे सुर्यकांत
245 _aधाकटी पाती
260 _b"पुरंदरं पंकाशन , पुणे"
_c1986
300 _a10+484
630 _aधाकटी पाती
730 _aधाकटी पाती
942 _cBOOK
999 _c453135
_d453132